[Event "Masters 2015 Rochefort"]
[Site "Palais des Congrès Rochefort"]
[Date "2015.02.21"]
[Round "3.24"]
[White "Roch, Florian"]
[Black "Haussernot, Cecile"]
[Result "1/2-1/2"]
[WhiteElo "1904"]
[BlackElo "2162"]
[PlyCount "93"]
[EventDate "2015.??.??"]

1. e4 c5 2. Nf3 d6 3. d4 cxd4 4. Nxd4 Nf6 5. Nc3 a6 6. Bg5 Nbd7 7. f4 Qc7 8.
Qf3 h6 9. Bxf6 Nxf6 10. Nd5 Nxd5 11. exd5 Qa5+ 12. c3 g6 13. Bd3 Bg7 14. Nb3
Qb6 15. Qf2 Qc7 16. O-O O-O 17. Rae1 e6 18. Re2 exd5 19. f5 Be5 20. fxg6 Bg4
21. gxf7+ Rxf7 22. Qxf7+ Qxf7 23. Rxf7 Bxe2 24. Bg6 b5 25. Nd4 Bd3 26. Bh5 b4
27. Nf5 Bxf5 28. Rxf5 bxc3 29. bxc3 Rc8 30. Bf7+ Kg7 31. Bxd5 Rxc3 32. h3 Rc5
33. Rf7+ Kg6 34. Bb3 d5 35. Rd7 d4 36. Kf2 Rc3 37. Rd5 Re3 38. g4 Kg5 39. Bd1
Kf4 40. h4 Ke4 41. Ra5 Kd3 42. Bf3 Kd2 43. Rxa6 d3 44. Ra4 Bf6 45. g5 hxg5 46.
hxg5 Bxg5 47. Rd4 1/2-1/2

[Event "Masters 2015 Rochefort"]
[Site "Palais des Congrès Rochefort"]
[Date "2015.02.21"]
[Round "4.1"]
[White "Wang, Yiye"]
[Black "Iturrizaga Bonelli, Eduardo"]
[Result "0-1"]
[WhiteElo "2433"]
[BlackElo "2640"]
[PlyCount "110"]
[EventDate "2015.??.??"]

1. e4 c5 2. Nf3 e6 3. c3 Nf6 4. e5 Nd5 5. d4 cxd4 6. cxd4 d6 7. Bc4 Be7 8. O-O
Nc6 9. Bd2 Nb6 10. Bb3 d5 11. Nc3 Bd7 12. Ne2 a5 13. Qb1 Nb4 14. a3 Bb5 15.
axb4 Bxe2 16. bxa5 Nc4 17. Bxc4 dxc4 18. Re1 Bxf3 19. gxf3 Qxd4 20. Bc3 Qd5 21.
Qe4 Qb5 22. Rad1 O-O 23. Rd4 Rac8 24. Red1 Bb4 25. Bxb4 Qxb4 26. Rc1 Qxb2 27.
Rcxc4 Rxc4 28. Rxc4 Qa1+ 29. Kg2 Qxa5 30. Rb4 b5 31. Qd4 Rb8 32. Qd6 Qb6 33.
Qe7 Qb7 34. Qc5 h6 35. h3 Qb6 36. Qe7 Rc8 37. Qd6 Qb7 38. Rb3 Rb8 39. Rb4 Qc8
40. Qd4 Qc7 41. h4 h5 42. Rb3 Qc2 43. Rb2 Qg6+ 44. Kh2 Kh7 45. Qf4 Rb7 46. Rb4
Qd3 47. Rd4 Qf5 48. Qxf5+ exf5 49. Kg3 b4 50. Kf4 b3 51. Rd1 b2 52. Rb1 Kg6 53.
Rg1+ Kh6 54. Rb1 Rb3 55. Kg3 g5 0-1

[Event "Masters 2015 Rochefort"]
[Site "Palais des Congrès Rochefort"]
[Date "2015.02.21"]
[Round "4.3"]
[White "Dumitrache, Dragos-Nicolae"]
[Black "Sumets, Andrey"]
[Result "1/2-1/2"]
[WhiteElo "2423"]
[BlackElo "2574"]
[PlyCount "36"]
[EventDate "2015.??.??"]

1. d4 Nf6 2. c4 e6 3. Nf3 d5 4. Nc3 c6 5. cxd5 exd5 6. Bg5 Be7 7. Qc2 Na6 8. a3
Nc7 9. e3 Ne6 10. Bh4 O-O 11. Bd3 g6 12. O-O Ng7 13. b4 a6 14. Bxf6 Bxf6 15. a4
Bf5 16. b5 axb5 17. axb5 Bxd3 18. Qxd3 Ne6 1/2-1/2

[Event "Masters 2015 Rochefort"]
[Site "Palais des Congrès Rochefort"]
[Date "2015.02.21"]
[Round "4.4"]
[White "Venkatesh, M.r"]
[Black "Ider, Borya"]
[Result "1-0"]
[WhiteElo "2460"]
[BlackElo "2395"]
[PlyCount "77"]
[EventDate "2015.??.??"]

1. e4 e6 2. d4 d5 3. Nd2 Be7 4. Ngf3 Nf6 5. e5 Nfd7 6. Bd3 c5 7. c3 b6 8. O-O
Ba6 9. Ne1 Bxd3 10. Nxd3 O-O 11. Qg4 cxd4 12. cxd4 Nc6 13. Nf3 Re8 14. h4 Bf8
15. h5 f5 16. Qg3 Qe7 17. Bd2 Rec8 18. Nf4 Nd8 19. h6 Rc6 20. Rac1 Rac8 21.
Rxc6 Rxc6 22. Rc1 Qe8 23. Rxc6 Nxc6 24. Ng5 Nd8 25. hxg7 Bxg7 26. Qh4 Nf8 27.
Nh5 Qe7 28. Nxg7 Qxg7 29. Nxh7 Qxh7 30. Qxd8 Qd7 31. Qg5+ Qg7 32. Qh4 Ng6 33.
Qd8+ Kh7 34. Bg5 Qf7 35. a4 f4 36. f3 Kg7 37. b4 Qf5 38. Bf6+ Kf7 39. Qd7+ 1-0

[Event "Masters 2015 Rochefort"]
[Site "Palais des Congrès Rochefort"]
[Date "2015.02.21"]
[Round "4.5"]
[White "Ninov, Nikolai"]
[Black "Sequera Paolini, Jose Rafael"]
[Result "1/2-1/2"]
[WhiteElo "2435"]
[BlackElo "2413"]
[PlyCount "95"]
[EventDate "2015.??.??"]

1. e4 e6 2. d4 d5 3. Nc3 Bb4 4. e5 b6 5. a3 Bf8 6. f4 Ne7 7. Nf3 h5 8. Be3 Nf5
9. Bf2 Ba6 10. Bxa6 Nxa6 11. Qd3 Nb8 12. O-O-O c5 13. dxc5 bxc5 14. Qb5+ Qd7
15. Nh4 g6 16. Qe2 Qc6 17. Kb1 Nd7 18. Nf3 Rb8 19. Ka2 Be7 20. g3 Nb6 21. h3 d4
22. Qe4 Nd5 23. Nxd5 exd5 24. Qe2 Qb6 25. Rb1 c4 26. Qd1 Bc5 27. b4 cxb3+ 28.
Rxb3 Qc7 29. Rxb8+ Qxb8 30. Nxd4 Bxd4 31. Bxd4 Nxg3 32. Rg1 Nf5 33. e6 Rg8 34.
Qb1 Ke7 35. exf7 Kxf7 36. Qxb8 Rxb8 37. Bxa7 Rb7 38. Bf2 Rc7 39. Kb2 Rc4 40.
Ra1 Rxf4 41. Bg1 Rf3 42. Bc5 Rxh3 43. a4 Ne3 44. c3 Nc4+ 45. Kb3 Rh2 46. a5
Rb2+ 47. Ka4 Rb8 48. a6 1/2-1/2

[Event "Masters 2015 Rochefort"]
[Site "Palais des Congrès Rochefort"]
[Date "2015.02.21"]
[Round "4.6"]
[White "Perez Ponsa, Federico"]
[Black "Stets, Dmitry"]
[Result "0-1"]
[WhiteElo "2558"]
[BlackElo "2385"]
[PlyCount "98"]
[EventDate "2015.??.??"]

1. d4 Nf6 2. c4 g6 3. Nc3 Bg7 4. e4 d6 5. Nf3 O-O 6. Be2 e5 7. O-O Nc6 8. d5
Ne7 9. Ne1 Nd7 10. Be3 f5 11. f3 f4 12. Bf2 g5 13. a4 a5 14. Nd3 b6 15. b4 axb4
16. Nxb4 Nf6 17. Nc6 Nxc6 18. dxc6 Qe8 19. Nd5 Rf7 20. Qb3 Be6 21. a5 bxa5 22.
Qb7 Bxd5 23. cxd5 g4 24. Ba7 Bf8 25. Rab1 Rc8 26. Qxc8 Qxc8 27. Rb8 gxf3 28.
Rxc8 fxe2 29. Re1 Nxe4 30. Rxe2 Nc3 31. Rd2 e4 32. Bb8 e3 33. Rd3 Nb5 34. Rb3
e2 35. Re8 Nd4 36. Rd3 f3 37. Kf2 fxg2+ 38. Kxg2 Re7 39. Re3 Rxe3 40. Rxe3 Bh6
41. Re4 Bd2 42. Bxc7 e1=Q 43. Rxe1 Bxe1 44. Bxd6 Nb5 45. Be5 Kf7 46. d6 Ke6 47.
d7 Bh4 48. Bg3 Bd8 49. Kh3 a4 0-1

[Event "Masters 2015 Rochefort"]
[Site "Palais des Congrès Rochefort"]
[Date "2015.02.21"]
[Round "4.8"]
[White "Demuth, Adrien"]
[Black "Ni, Shiqun"]
[Result "1/2-1/2"]
[WhiteElo "2516"]
[BlackElo "2315"]
[PlyCount "33"]
[EventDate "2015.??.??"]

1. Nf3 c5 2. b3 d6 3. c4 e5 4. Nc3 Nc6 5. g3 g6 6. Bg2 Bg7 7. d3 Nge7 8. Bb2
O-O 9. O-O a6 10. Ne1 Rb8 11. e3 b5 12. Qd2 Be6 13. Nd5 Qd7 14. f4 Bh3 15. fxe5
Bxg2 16. Nxe7+ Nxe7 17. Nxg2 1/2-1/2

[Event "Masters 2015 Rochefort"]
[Site "Palais des Congrès Rochefort"]
[Date "2015.02.21"]
[Round "4.10"]
[White "Bogdanov, Egor"]
[Black "Dourerassou, Jonathan"]
[Result "1-0"]
[WhiteElo "2314"]
[BlackElo "2463"]
[PlyCount "91"]
[EventDate "2015.??.??"]

1. e4 c5 2. Nf3 d6 3. d4 cxd4 4. Nxd4 Nf6 5. Nc3 Nc6 6. f3 e5 7. Nb3 Be7 8. Be3
O-O 9. Qd2 Be6 10. O-O-O a5 11. Na4 d5 12. Bb6 Qc8 13. Bc5 Qc7 14. Bb6 Qb8 15.
Nbc5 Rc8 16. Nxe6 fxe6 17. Kb1 Qd6 18. c3 Nb8 19. Bb5 Bd8 20. Be3 Na6 21. g4
Nc5 22. Nxc5 Rxc5 23. Bxc5 Qxc5 24. a4 dxe4 25. g5 Nd5 26. fxe4 Nf4 27. h4 Bc7
28. Qc2 Bd6 29. Rd2 Rd8 30. Rhd1 Kf7 31. Qb3 b6 32. Qc4 Qxc4 33. Bxc4 Ke7 34.
Kc2 Nh5 35. Be2 Nf4 36. Bf1 Ng6 37. h5 Nf4 38. h6 gxh6 39. gxh6 Ng6 40. Be2 Rd7
41. Rg1 Kf6 42. Bh5 Nf4 43. Be8 Rd8 44. Rg7 Nd5 45. exd5 Rxe8 46. Rf2# 1-0

[Event "Masters 2015 Rochefort"]
[Site "Palais des Congrès Rochefort"]
[Date "2015.02.21"]
[Round "4.25"]
[White "Maloberti, David"]
[Black "Leriche, Ines"]
[Result "0-1"]
[WhiteElo "2129"]
[BlackElo "1919"]
[PlyCount "40"]
[EventDate "2015.??.??"]

1. d4 d5 2. c4 c6 3. Bf4 dxc4 4. e4 b5 5. a4 Nf6 6. f3 e6 7. axb5 cxb5 8. Bxb8
Rxb8 9. Rxa7 Bb4+ 10. Nc3 O-O 11. Ra1 Qb6 12. Nge2 Bb7 13. g4 Rfd8 14. Qc1 Nd7
15. Qf4 e5 16. dxe5 Nc5 17. Nc1 Ne6 18. Qg3 Qe3+ 19. N1e2 Nd4 20. Bg2 Qxe2# 0-1

[Event "Masters 2015 Rochefort"]
[Site "Palais des Congrès Rochefort"]
[Date "2015.02.21"]
[Round "4.26"]
[White "Larand, Manuel"]
[Black "Coimbra, Margarida"]
[Result "1/2-1/2"]
[WhiteElo "2001"]
[BlackElo "2125"]
[PlyCount "45"]
[EventDate "2015.??.??"]

1. c4 c6 2. g3 d5 3. Nf3 Bg4 4. Ne5 Bf5 5. Qb3 Nd7 6. Nxd7 Qxd7 7. cxd5 Be4 8.
f3 Bxd5 9. Qc2 Qe6 10. e4 Bxa2 11. Nc3 Bb3 12. Qd3 Rd8 13. Qe3 a6 14. Qb6 Rd7
15. h4 c5 16. Qxc5 Qd6 17. Qc8+ Rd8 18. Qxb7 Qxg3+ 19. Ke2 Bc4+ 20. Kd1 Qxf3+
21. Kc2 Bxf1 22. Qc6+ Rd7 23. Qc8+ 1/2-1/2

[Event "Masters 2015 Rochefort"]
[Site "Palais des Congrès Rochefort"]
[Date "2015.02.21"]
[Round "5.1"]
[White "Iturrizaga Bonelli, Eduardo"]
[Black "Venkatesh, M.r"]
[Result "1-0"]
[WhiteElo "2640"]
[BlackElo "2460"]
[PlyCount "99"]
[EventDate "2015.??.??"]

1. Nf3 Nf6 2. c4 e6 3. d4 Bb4+ 4. Nbd2 b6 5. a3 Bxd2+ 6. Qxd2 Bb7 7. e3 O-O 8.
Be2 Ne4 9. Qc2 f5 10. O-O d6 11. b4 Nd7 12. d5 Rf6 13. Nd4 exd5 14. cxd5 Bxd5
15. f3 Ne5 16. fxe4 Bxe4 17. Qb3+ Kh8 18. Bb2 Rg6 19. Nf3 Qe7 20. Bxe5 dxe5 21.
Rad1 Rf8 22. Qc3 h6 23. Rf2 Re6 24. Bc4 Bxf3 25. Rxf3 Rc6 26. Qb3 a5 27. Bd5
Rd6 28. b5 e4 29. Rff1 Qe5 30. Bc6 Rxd1 31. Qxd1 Qc3 32. Qc1 Qb3 33. Rd1 a4 34.
Rd4 Rf6 35. Rb4 Qd3 36. Rd4 Qb3 37. Rb4 Qd3 38. Rxa4 Rd6 39. Kf2 Qb3 40. Rd4
Rxd4 41. exd4 Qd3 42. Qe3 Qc2+ 43. Qe2 Qc3 44. g4 Qxd4+ 45. Qe3 Qb2+ 46. Kg1
fxg4 47. Qxe4 Qc1+ 48. Kf2 Qb2+ 49. Qe2 Qd4+ 50. Kg3 1-0

[Event "Masters 2015 Rochefort"]
[Site "Palais des Congrès Rochefort"]
[Date "2015.02.21"]
[Round "5.2"]
[White "Gao, Rui"]
[Black "Khusnutdinov, Rustam"]
[Result "0-1"]
[WhiteElo "2533"]
[BlackElo "2490"]
[PlyCount "93"]
[EventDate "2015.??.??"]

1. e4 e6 2. d4 d5 3. Nc3 Nf6 4. e5 Nfd7 5. f4 c5 6. Nf3 Nc6 7. Be3 cxd4 8. Nxd4
Bc5 9. Qd2 O-O 10. O-O-O a6 11. Nb3 Bb4 12. Bd3 b5 13. Rhf1 Bb7 14. Qe2 Re8 15.
Rf3 Nf8 16. Rh3 g6 17. Bc5 Rc8 18. Bxb4 Nxb4 19. a3 Nc6 20. Qf2 b4 21. axb4
Nxb4 22. Ne2 a5 23. Qa7 Ba6 24. Bxa6 Ra8 25. Qf2 Nxa6 26. Nc3 Qb8 27. Nd4 Nb4
28. Ncb5 Qb6 29. Kb1 Reb8 30. g4 Nc6 31. c3 Qc5 32. Nd6 a4 33. Ka2 Rb3 34. Rd2
Rab8 35. N4f5 Qxf2 36. Nh6+ Kg7 37. Rxf2 f6 38. g5 f5 39. Rhf3 Nd7 40. c4 d4
41. Nb5 Nc5 42. Rxb3 axb3+ 43. Kb1 Ne4 44. Nc7 Kf8 45. Rg2 d3 46. Nxe6+ Ke7 47.
Nc7 0-1

[Event "Masters 2015 Rochefort"]
[Site "Palais des Congrès Rochefort"]
[Date "2015.02.21"]
[Round "5.3"]
[White "Sumets, Andrey"]
[Black "Lemeaux, David"]
[Result "1/2-1/2"]
[WhiteElo "2574"]
[BlackElo "2310"]
[PlyCount "68"]
[EventDate "2015.??.??"]

1. d4 Nf6 2. c4 e6 3. Nc3 Bb4 4. Qc2 d5 5. cxd5 exd5 6. Bg5 h6 7. Bxf6 Qxf6 8.
e3 O-O 9. Nge2 c5 10. a3 Bf5 11. Qb3 Bxc3+ 12. Qxc3 cxd4 13. Qxd4 Qe7 14. Qf4
Be4 15. Nc3 g5 16. Qg4 Nc6 17. h4 Kg7 18. hxg5 hxg5 19. Nxe4 dxe4 20. Rh5 Kg6
21. Qh3 Qe5 22. Rh6+ Kg7 23. Rh7+ Kf6 24. O-O-O Rad8 25. Rxd8 Qc5+ 26. Kb1 Rxd8
27. Qh6+ Ke7 28. Qh5 Qd5 29. Be2 Rd7 30. Rg7 Kd6 31. Qxg5 Qd2 32. Bc4 Qd1+ 33.
Ka2 Nb4+ 34. axb4 Qa4+ 1/2-1/2

[Event "Masters 2015 Rochefort"]
[Site "Palais des Congrès Rochefort"]
[Date "2015.02.21"]
[Round "5.4"]
[White "Sequera Paolini, Jose Rafael"]
[Black "Pichot, Alan"]
[Result "1/2-1/2"]
[WhiteElo "2413"]
[BlackElo "2486"]
[PlyCount "81"]
[EventDate "2015.??.??"]

1. e4 c5 2. f4 e6 3. Nf3 a6 4. c3 Nf6 5. Bd3 Qc7 6. O-O b5 7. Bc2 Bb7 8. Qe2
Nc6 9. d3 Be7 10. Be3 Rc8 11. Nbd2 d5 12. Rac1 a5 13. Kh1 Ba6 14. e5 Nd7 15. d4
g6 16. Bd3 Qb6 17. g4 Nd8 18. dxc5 Bxc5 19. Nd4 Nc6 20. N2b3 Bxd4 21. Nxd4 Nxd4
22. Bxd4 Qb7 23. a4 Nc5 24. axb5 Nxd3 25. bxa6 Qxa6 26. Ra1 Rb8 27. Rf3 Nc5 28.
Qxa6 Nxa6 29. Rxa5 Nc7 30. b4 h5 31. Rh3 Kd7 32. gxh5 Rxh5 33. Rxh5 gxh5 34.
Ra7 Kc6 35. Kg2 Rg8+ 36. Kf3 h4 37. Bf2 h3 38. Bg3 Kb6 39. Bf2+ Kc6 40. Bg3 Kb6
41. Ra1 1/2-1/2

[Event "Masters 2015 Rochefort"]
[Site "Palais des Congrès Rochefort"]
[Date "2015.02.21"]
[Round "5.5"]
[White "Pulvett Marin, Daniel"]
[Black "Ninov, Nikolai"]
[Result "1-0"]
[WhiteElo "2426"]
[BlackElo "2435"]
[PlyCount "53"]
[EventDate "2015.??.??"]

1. c4 e6 2. Nc3 d5 3. d4 Bb4 4. cxd5 exd5 5. a3 Bxc3+ 6. bxc3 Ne7 7. Bf4 c5 8.
e3 Nbc6 9. Nf3 Bf5 10. Be2 O-O 11. O-O Ng6 12. Bg3 c4 13. Nd2 Re8 14. Re1 b5
15. Bf3 Qd7 16. Qc1 Re7 17. Qb2 Rae8 18. Kh1 a6 19. a4 bxa4 20. Qb6 Re6 21. Qc7
R8e7 22. Qxd7 Rxd7 23. Nxc4 Na7 24. Nd2 Bd3 25. Rxa4 Nb5 26. Rc1 f5 27. Nb3 1-0

[Event "Masters 2015 Rochefort"]
[Site "Palais des Congrès Rochefort"]
[Date "2015.02.21"]
[Round "5.17"]
[White "Leriche, Ines"]
[Black "Saada, Julien"]
[Result "1-0"]
[WhiteElo "1919"]
[BlackElo "2319"]
[PlyCount "77"]
[EventDate "2015.??.??"]

1. d4 d5 2. c4 e6 3. Nc3 Nf6 4. cxd5 exd5 5. Bg5 c6 6. Qc2 Be7 7. e3 Nbd7 8.
Bd3 O-O 9. Nge2 Re8 10. O-O Nf8 11. f3 g6 12. Rad1 Ne6 13. Bxf6 Bxf6 14. Ng3
Ng7 15. Qf2 h5 16. Bb1 h4 17. Nge2 Nh5 18. e4 Bg7 19. e5 Bh6 20. f4 Ng7 21. g3
h3 22. Qf3 Qd7 23. Rde1 Qg4 24. Qh1 g5 25. Nd1 gxf4 26. Nxf4 Be6 27. Ne3 Qg5
28. Qf3 Rf8 29. Qe2 Rae8 30. Qd3 f5 31. Nxe6 Nxe6 32. Nxf5 Kh8 33. Nd6 Rxf1+
34. Qxf1 Rf8 35. Qxf8+ Nxf8 36. Nf7+ Kg7 37. Nxg5 Bxg5 38. Bf5 Kf7 39. Kf2 1-0

[Event "Masters 2015 Rochefort"]
[Site "Palais des Congrès Rochefort"]
[Date "2015.02.21"]
[Round "5.20"]
[White "Masset, Jacques"]
[Black "Haussernot, Cecile"]
[Result "1-0"]
[WhiteElo "2063"]
[BlackElo "2162"]
[PlyCount "43"]
[EventDate "2015.??.??"]

1. e4 c5 2. Nf3 d6 3. d4 cxd4 4. Nxd4 Nf6 5. Nc3 a6 6. Bc4 e6 7. Bb3 Nbd7 8.
O-O Nc5 9. f4 Qc7 10. Qf3 Be7 11. f5 b5 12. fxe6 fxe6 13. e5 dxe5 14. Nxe6 Nxe6
15. Qxa8 O-O 16. Be3 e4 17. Nd5 Qd6 18. Rad1 Nxd5 19. Rxf8+ Bxf8 20. Qxc8 Nec7
21. Bxd5+ Nxd5 22. Qa8 1-0

[Event "Masters 2015 Rochefort"]
[Site "Palais des Congrès Rochefort"]
[Date "2015.02.21"]
[Round "5.27"]
[White "Chargelegue, Thomas"]
[Black "Boulet, Philippe"]
[Result "1/2-1/2"]
[WhiteElo "2002"]
[BlackElo "2171"]
[PlyCount "61"]
[EventDate "2015.??.??"]

1. e4 e5 2. Nf3 Nc6 3. Bb5 Nf6 4. O-O Nxe4 5. Re1 Nd6 6. Nxe5 Be7 7. Bd3 Nxe5
8. Rxe5 O-O 9. Nc3 c6 10. b3 Ne8 11. Qf3 g6 12. Bb2 Bf6 13. Re2 Nc7 14. Na4
Bxb2 15. Nxb2 Ne6 16. c3 d5 17. Bc2 Qh4 18. Qg3 Qf6 19. Qe5 Qxe5 20. Rxe5 Bd7
21. Rae1 Rae8 22. d4 b6 23. Nd3 f6 24. R5e2 Kf7 25. f3 Bc8 26. Nb4 Bb7 27. Bd3
Nf4 28. Rxe8 Rxe8 29. Rxe8 Kxe8 30. g3 Ne6 31. Nc2 1/2-1/2

[Event "Masters 2015 Rochefort"]
[Site "Palais des Congrès Rochefort"]
[Date "2015.02.21"]
[Round "5.29"]
[White "Roch, Florian"]
[Black "Maloberti, David"]
[Result "0-1"]
[WhiteElo "1904"]
[BlackElo "2129"]
[PlyCount "28"]
[EventDate "2015.??.??"]

1. e4 e6 2. d4 d5 3. Nc3 Bb4 4. e5 c5 5. a3 Bxc3+ 6. bxc3 Ne7 7. Qg4 Kf8 8. h4
Qa5 9. Bd2 Qa4 10. h5 h6 11. Rh3 Nbc6 12. Bd3 Nxe5 13. Qf4 Nxd3+ 14. cxd3 e5
0-1

[Event "Masters 2015 Rochefort"]
[Site "Palais des Congrès Rochefort"]
[Date "2015.02.21"]
[Round "6.2"]
[White "Stets, Dmitry"]
[Black "Pulvett Marin, Daniel"]
[Result "1-0"]
[WhiteElo "2385"]
[BlackElo "2426"]
[PlyCount "51"]
[EventDate "2015.??.??"]

1. e4 c5 2. Nc3 Nc6 3. Nge2 g6 4. d4 cxd4 5. Nxd4 Bg7 6. Be3 Nf6 7. Bc4 d6 8.
f3 Bd7 9. Qd2 O-O 10. O-O-O Rb8 11. Bb3 Na5 12. Bh6 Bxh6 13. Qxh6 b5 14. Nd5
Nxb3+ 15. Nxb3 e5 16. h4 Nxd5 17. Rxd5 Rb6 18. f4 Qe7 19. h5 Rc8 20. hxg6 fxg6
21. fxe5 dxe5 22. Rxe5 Be6 23. Nd4 Qc7 24. Qh2 Rd6 25. Rxe6 Rxd4 26. Qxc7 1-0

[Event "Masters 2015 Rochefort"]
[Site "Palais des Congrès Rochefort"]
[Date "2015.02.21"]
[Round "6.3"]
[White "Mareco, Sandro"]
[Black "Ider, Borya"]
[Result "1/2-1/2"]
[WhiteElo "2598"]
[BlackElo "2395"]
[PlyCount "57"]
[EventDate "2015.??.??"]

1. d4 e6 2. c4 Nf6 3. Nf3 d5 4. g3 dxc4 5. Bg2 Bb4+ 6. Bd2 a5 7. O-O Nc6 8. Bg5
h6 9. Bxf6 Qxf6 10. a3 Bd6 11. Nc3 O-O 12. e3 e5 13. d5 Nb8 14. Nd2 Bd7 15.
Nxc4 b5 16. Nxd6 cxd6 17. Qe2 Na6 18. Nxb5 Bxb5 19. Qxb5 Rfb8 20. Qxa5 Nc5 21.
Qc3 Rb3 22. Qc2 Rab8 23. Rab1 Qd8 24. Rfd1 Qb6 25. Rd2 Rxa3 26. b4 Ra4 27. b5
Qa5 28. Rdd1 Rxb5 29. Qf5 1/2-1/2

[Event "Masters 2015 Rochefort"]
[Site "Palais des Congrès Rochefort"]
[Date "2015.02.21"]
[Round "6.4"]
[White "Loiseau, Quentin"]
[Black "Sumets, Andrey"]
[Result "1-0"]
[WhiteElo "2401"]
[BlackElo "2574"]
[PlyCount "115"]
[EventDate "2015.??.??"]

1. d4 d5 2. c4 c6 3. Nc3 Nf6 4. cxd5 cxd5 5. Bf4 Nc6 6. Nf3 Nh5 7. Bd2 e6 8. e3
Nf6 9. Bd3 Bd6 10. O-O O-O 11. Rc1 a6 12. a3 e5 13. dxe5 Nxe5 14. Be2 Be6 15.
Qc2 Rc8 16. Rfd1 b5 17. Be1 Qe7 18. Qb1 Rfd8 19. Nd4 Nc4 20. Bf3 Bc5 21. a4 b4
22. Nce2 Ne5 23. a5 g6 24. b3 Rc7 25. Qa1 Rdc8 26. Rxc5 Rxc5 27. Bxb4 Nxf3+ 28.
Nxf3 Bg4 29. Nf4 Bxf3 30. gxf3 Qd8 31. Bxc5 Rxc5 32. b4 Rb5 33. Qe5 Rxb4 34.
Nxd5 Nxd5 35. Rxd5 Qh4 36. Rd7 Rg4+ 37. Kf1 Re4 38. Qxe4 Qh3+ 39. Kg1 Qxd7 40.
Qa8+ Kg7 41. Qxa6 Qd5 42. Kg2 Qg5+ 43. Kf1 Qd5 44. e4 Qc5 45. h4 Qh5 46. Ke2
Qxh4 47. Qb6 Qg5 48. a6 Qc1 49. Qd4+ Kg8 50. a7 Qc2+ 51. Qd2 Qc4+ 52. Ke1 Qc8
53. Qb2 Qc6 54. Qb8+ Kg7 55. a8=Q Qc1+ 56. Ke2 Qc4+ 57. Kd2 Qd4+ 58. Ke1 1-0

[Event "Masters 2015 Rochefort"]
[Site "Palais des Congrès Rochefort"]
[Date "2015.02.21"]
[Round "6.5"]
[White "Pichot, Alan"]
[Black "Mateo, Ramon"]
[Result "1-0"]
[WhiteElo "2486"]
[BlackElo "2392"]
[PlyCount "61"]
[EventDate "2015.??.??"]

1. e4 c5 2. Nf3 e6 3. d4 cxd4 4. Nxd4 a6 5. Bd3 g6 6. O-O Bg7 7. Nb3 Ne7 8. c4
Nbc6 9. Nc3 O-O 10. Bf4 d5 11. exd5 exd5 12. c5 b5 13. Re1 Be6 14. Qd2 Re8 15.
Rad1 Qd7 16. Be2 d4 17. Ne4 Bxb3 18. axb3 Nf5 19. Bg4 h5 20. Bh3 Qd5 21. Nd6
Rxe1+ 22. Rxe1 Qxc5 23. Bxf5 gxf5 24. Qd1 Ne5 25. Bxe5 Bxe5 26. Qf3 Qxd6 27.
Qxa8+ Kg7 28. Qf3 Kg6 29. g3 h4 30. Rc1 f6 31. gxh4 1-0

[Event "Masters 2015 Rochefort"]
[Site "Palais des Congrès Rochefort"]
[Date "2015.02.21"]
[Round "6.12"]
[White "Masset, Jacques"]
[Black "Dourerassou, Jonathan"]
[Result "0-1"]
[WhiteElo "2063"]
[BlackElo "2463"]
[PlyCount "30"]
[EventDate "2015.??.??"]

1. d4 Nf6 2. c4 g6 3. Nc3 d5 4. Nf3 Bg7 5. Bg5 Ne4 6. cxd5 Nxg5 7. Nxg5 e6 8.
Qd2 h6 9. Nf3 exd5 10. Qe3+ Be6 11. Ne5 c5 12. O-O-O Nc6 13. f4 cxd4 14. Rxd4
Bxe5 15. fxe5 Qb6 0-1

[Event "Masters 2015 Rochefort"]
[Site "Palais des Congrès Rochefort"]
[Date "2015.02.21"]
[Round "6.16"]
[White "Manea, Alexandru"]
[Black "Pieri, Pierre-Louis"]
[Result "1/2-1/2"]
[WhiteElo "2381"]
[BlackElo "2097"]
[PlyCount "64"]
[EventDate "2015.??.??"]

1. d4 d5 2. Nc3 Nf6 3. Bf4 c5 4. e3 Bd7 5. Nf3 e6 6. Nb5 Bxb5 7. Bxb5+ Nc6 8.
O-O Be7 9. c4 O-O 10. cxd5 Nxd5 11. Bxc6 bxc6 12. dxc5 Nxf4 13. exf4 Bxc5 14.
Qc2 Bb6 15. g3 c5 16. Ng5 g6 17. Ne4 Qe7 18. Qc3 f6 19. Rfe1 Rad8 20. Re2 Rd4
21. Nd2 Rfd8 22. Rae1 Rd3 23. Qc2 Ba5 24. Rxe6 Qf7 25. Re7 Rxd2 26. Qa4 Qd5 27.
Qxa5 Qd4 28. R7e2 Rxe2 29. Rxe2 Rd7 30. Qe1 Kf7 31. h4 Qa4 32. b3 Qc6 1/2-1/2

[Event "Masters 2015 Rochefort"]
[Site "Palais des Congrès Rochefort"]
[Date "2015.02.21"]
[Round "6.24"]
[White "Sauvaget, Franck"]
[Black "Marzolf, Bruno"]
[Result "1-0"]
[WhiteElo "1941"]
[BlackElo "2144"]
[PlyCount "61"]
[EventDate "2015.??.??"]

1. g3 f5 2. Bg2 Nf6 3. c4 e6 4. Nc3 Bb4 5. Qc2 Nc6 6. e3 Bxc3 7. Qxc3 a5 8. b3
O-O 9. a3 d6 10. Bb2 e5 11. Ne2 Qe8 12. f4 Qh5 13. b4 axb4 14. axb4 Rxa1+ 15.
Bxa1 Ne4 16. Qa3 Re8 17. b5 Nd8 18. fxe5 dxe5 19. Nc3 Nxc3 20. Qxc3 Nf7 21. O-O
b6 22. c5 Bd7 23. c6 Be6 24. d4 Rd8 25. Bf3 Qh6 26. dxe5 Ng5 27. Bg2 Nh3+ 28.
Kh1 Rd5 29. Qa3 Rd2 30. Qe7 Rxg2 31. Qe8# 1-0

[Event "Masters 2015 Rochefort"]
[Site "Palais des Congrès Rochefort"]
[Date "2015.02.21"]
[Round "6.27"]
[White "Lutard, Theo"]
[Black "Chargelegue, Thomas"]
[Result "1-0"]
[WhiteElo "2137"]
[BlackElo "2002"]
[PlyCount "50"]
[EventDate "2015.??.??"]

1. e4 e6 2. d4 d5 3. Nc3 Nf6 4. Bg5 Be7 5. e5 Nfd7 6. h4 O-O 7. Qg4 f5 8. Bxe7
Qxe7 9. Qg5 Qb4 10. O-O-O c5 11. Nb5 Na6 12. Rh3 cxd4 13. Rg3 g6 14. h5 Nxe5
15. f4 Nf7 16. Qh4 Kg7 17. Nxd4 Bd7 18. Ngf3 Nc5 19. Bd3 Rac8 20. Kb1 Na4 21.
Nb3 Nc5 22. Nxc5 Qxc5 23. hxg6 hxg6 24. Qh5 Nh8 25. Ne5 Qf2 1-0

[Event "Masters 2015 Rochefort"]
[Site "Palais des Congrès Rochefort"]
[Date "2015.02.21"]
[Round "6.28"]
[White "Thibault, Pierre-Olivier"]
[Black "Coimbra, Margarida"]
[Result "1/2-1/2"]
[WhiteElo "2009"]
[BlackElo "2125"]
[PlyCount "24"]
[EventDate "2015.??.??"]

1. e4 e5 2. Bc4 Nf6 3. d3 Nc6 4. Nc3 Na5 5. Nge2 c6 6. Bg5 b5 7. Bb3 Be7 8. Ng3
d6 9. f3 h6 10. Bd2 Nxb3 11. axb3 d5 12. O-O O-O 1/2-1/2

[Event "Masters 2015 Rochefort"]
[Site "Palais des Congrès Rochefort"]
[Date "2015.02.21"]
[Round "7.1"]
[White "Iturrizaga Bonelli, Eduardo"]
[Black "Stets, Dmitry"]
[Result "1-0"]
[WhiteElo "2640"]
[BlackElo "2385"]
[PlyCount "107"]
[EventDate "2015.??.??"]

1. d4 Nf6 2. c4 g6 3. Nc3 Bg7 4. e4 d6 5. Nf3 O-O 6. Be2 e5 7. O-O Nc6 8. d5
Ne7 9. b4 Nh5 10. g3 f5 11. Ng5 Nf6 12. f3 f4 13. b5 fxg3 14. hxg3 Nh5 15. Kf2
h6 16. Ne6 Bxe6 17. dxe6 Qc8 18. c5 Qxe6 19. Qb3 Qxb3 20. axb3 dxc5 21. Ba3
Rfd8 22. Bxc5 Bf8 23. Be3 Nf6 24. Rfc1 Ne8 25. Na4 b6 26. Nb2 g5 27. Ra4 Nc8
28. Bc4+ Kg7 29. Nd3 Bd6 30. Rd1 Ne7 31. Rda1 Nf6 32. Be6 Nc8 33. Ke2 Nd7 34.
Rc4 Rb8 35. Rd1 Kf6 36. Bg4 Ne7 37. b4 Ng6 38. Bd2 Ra8 39. Rh1 a6 40. bxa6 Rxa6
41. Rxh6 Ra2 42. Ke1 Ndf8 43. Rh5 Ne6 44. Bxe6 Kxe6 45. Rxg5 Ne7 46. Rh5 Rg8
47. Rh3 Rga8 48. f4 exf4 49. gxf4 Rg8 50. Be3 Rgg2 51. Kf1 b5 52. Rc3 c6 53.
Nf2 Rg8 54. Rh6+ 1-0